|
|
|
|
| LEADER |
00858nam a2200241 a 4500 |
| 001 |
c000372317 |
| 003 |
CARM |
| 005 |
00000000000000.0 |
| 008 |
870210s1970 gw b 00000 ger d |
| 019 |
1 |
|
|a 3095702
|z 5224205
|5 LACONCORD2021
|
| 035 |
|
|
|a (OCoLC)2879338
|5 LACONCORD2021
|
| 050 |
0 |
0 |
|a PT2635.I65Z595
|
| 100 |
1 |
|
|a Bauer, Arnold.
|
| 245 |
1 |
0 |
|a Rainer Maria Rilke.
|
| 260 |
|
|
|a Berlin :
|b Colloquium Verlag,
|c [c1970]
|
| 300 |
|
|
|a 92 p. :
|b facsim. ;
|c 20 cm.
|
| 490 |
0 |
|
|a Köpfe des XX. Jahrhunderts ;
|v Bd. 59
|
| 504 |
|
|
|a Bibliography: p. 92.
|
| 600 |
1 |
0 |
|a Rilke, Rainer Maria,
|d 1875-1926.
|
| 852 |
8 |
|
|b CARM
|h A1:AP16A0
|i A04334
|p 0353012
|f BK
|
| 082 |
0 |
4 |
|a 831.912
|
| 999 |
f |
f |
|i f4bb8b70-0495-57b0-beb8-f6f03d5d1944
|s 14b87473-84bd-5dff-9de5-18f185152152
|
| 952 |
f |
f |
|p Can circulate
|a CAVAL
|b CAVAL
|c CAVAL
|d CARM 1 Store
|e A04334
|f A1:AP16A0
|h Other scheme
|i book
|m 0353012
|